000 00339 a2200157 4500
001 179138
020 _a
040 _cMagnum
100 _aGóes, Lúcia Pimentel
240 1 0 _aO jardim de lucita
_lpor
245 1 0 _aO jardim de lucita
362 0 _a1899
440 1 _aScipione
697 _aMAGNITO: I/FADAS, FANTASIA
942 _cBK
999 _c179138
_d179138